000
00316nam a2200133Ia 4500
008
240624s9999 xx 000 0 und d
041
_a
eng
082
_a
891.46 SAN
100
_a
GURUJI SAANE
245
_a
GOD SHEVAT MARATHI
260
_c
2011
_a
Kolhapur
_b
Riya Publications
300
_a
264 p.
365
_c
RS
_b
25
999
_c
30172
_d
30172